<?xml version="1.0" encoding="UTF-8"?>
<record
    xmlns:xsi="http://www.w3.org/2001/XMLSchema-instance"
    xsi:schemaLocation="http://www.loc.gov/MARC21/slim http://www.loc.gov/standards/marcxml/schema/MARC21slim.xsd"
    xmlns="http://www.loc.gov/MARC21/slim">

  <leader>00546nam a2200193uu 4500</leader>
  <controlfield tag="001">WIIW0000188</controlfield>
  <controlfield tag="003">OSt</controlfield>
  <controlfield tag="005">20241011142257.0</controlfield>
  <controlfield tag="008">241011t2020    xxk||||| ||||||0| | eng d</controlfield>
  <datafield tag="020" ind1=" " ind2=" ">
    <subfield code="a">OHNE</subfield>
  </datafield>
  <datafield tag="040" ind1=" " ind2=" ">
    <subfield code="c">OSt</subfield>
  </datafield>
  <datafield tag="041" ind1=" " ind2=" ">
    <subfield code="a">eng</subfield>
  </datafield>
  <datafield tag="100" ind1=" " ind2=" ">
    <subfield code="d">Margaret Miller</subfield>
  </datafield>
  <datafield tag="245" ind1="0" ind2="0">
    <subfield code="a">Rise of the Russian Consumer</subfield>
    <subfield code="b">A Study of the Khrushchev era and the liberalisation of the Russian economy since Stalin</subfield>
  </datafield>
  <datafield tag="260" ind1=" " ind2=" ">
    <subfield code="a">London</subfield>
    <subfield code="b">The Institute of Economic Affairs</subfield>
    <subfield code="c">1965</subfield>
  </datafield>
  <datafield tag="300" ind1=" " ind2=" ">
    <subfield code="a">254 S. ;</subfield>
    <subfield code="c">18,5 cm.</subfield>
  </datafield>
  <datafield tag="651" ind1=" " ind2=" ">
    <subfield code="a">Russia</subfield>
  </datafield>
  <datafield tag="942" ind1=" " ind2=" ">
    <subfield code="c">B</subfield>
    <subfield code="2">z</subfield>
  </datafield>
  <datafield tag="999" ind1=" " ind2=" ">
    <subfield code="c">9066</subfield>
    <subfield code="d">9066</subfield>
  </datafield>
  <datafield tag="952" ind1=" " ind2=" ">
    <subfield code="0">0</subfield>
    <subfield code="1">0</subfield>
    <subfield code="2">z</subfield>
    <subfield code="4">0</subfield>
    <subfield code="7">0</subfield>
    <subfield code="a">BIB</subfield>
    <subfield code="b">BIB</subfield>
    <subfield code="d">2024-10-11</subfield>
    <subfield code="l">0</subfield>
    <subfield code="o">7977</subfield>
    <subfield code="r">2024-10-11 14:23:27</subfield>
    <subfield code="w">2024-10-11</subfield>
    <subfield code="y">B</subfield>
  </datafield>
</record>
